Compendio de psicología fisiológica : en 15 lecciones /

-д хадгалсан:
Номзүйн дэлгэрэнгүй
Үндсэн зохиолч: Ziehen, Georg Theodor (autor)
Формат: Ном
Хэл сонгох:испани
Нөхцлүүд:
Шошгууд: Шошго нэмэх
Шошго байхгүй, Энэхүү баримтыг шошголох эхний хүн болох!

MARC

LEADER 00000nam^a2200000^a^4500
001 000373064
005 20250526000000.0
009 20260310120028.579
037 |a Acervo Xavier Clavigero 
041 |a ESP 
082 |a 152.  |b ZIE 
100 |a Ziehen, Georg Theodor  |e (autor) 
245 1 0 |a Compendio de psicología fisiológica :  |b en 15 lecciones /  |c G.T. Ziehen ; pref. de L. Simarro ; tr. por Gonzalo Rodríguez Lafora. 
264 |a Madrid, España :  |b Imprenta Bailly-Baillière,  |c fecha no identificada 
300 |a X, 393 p. ;  |c 25.0 cm. 
336 |a texto  |b txt  |2 rdacontenido 
337 |a sin mediación  |b n  |2 rdamedio 
338 |a volumen  |b nc  |2 rdasoporte 
501 |a Encuadernación particular 
561 |a Ex libris de Biblioteca Residencia S.J. Guadalajara 
562 |a Falta cubierta 
649 |a XX 
650 |a Sueño y Dormir 
650 |a Memoria 
650 |a Atención 
650 |a Idea -  |x Filosofía 
650 |a Temperatura 
650 |a Tacto 
650 |a Olfato 
650 |a Gusto (Sentido) 
650 |a Sentidos y Sensaciones 
650 |a Psicología Fisiológica -  |x Tema Principal 
650 |a Fisiología 
650 |a Psicología 
910 |a Fondo General 
920 |a Impresos - Libros 
930 |a Libros Antiguos y Raros 
905 |a 108 
901 |a 0500267519  |b IT2  |c LRA  |u 20250526 
902 |a https://opac.biblio.iteso.mx/vufind/Record/000373064